LEADER 01150cam1 22002771 450 001 SOBE00073510 005 20221117091527.0 100 $a20221018d1866 |||||ita|0103 ba 101 $aita 102 $aIT 200 1 $aCrestomazia italiana cioč scelta di luoghi insigni o per sentimento o per locuzione raccolti dagli scritti italiani di autori eccellenti d'ogni secolo$fda Giacomo Leopardi 205 $aNuova ed.$femendata ed accresciuta per cura di Bruto Fabricatore 210 $aNapoli$cStamperia del Vaglio$d1866 215 $a2 volumi$d19 cm 463 1$1001SOBE00073511$12000 $a<<1 :>>Crestomazia prosaica / Giacomo Leopardi 463 1$1001SOBE00073517$12000 $a<<2: >>Crestomazia poetica / Giacomo Leopardi 500 10$aCrestomazia italiana$3SOBA00025603$9142397 700 1$aLeopardi$b, Giacomo <1798-1837>$3AF00006808$4070$0292683 702 1$aLeopardi, Giacomo <1798-1837>$3AF00006808$4070 702 1$aFabricatore, Bruto$3SOBA00012464$4070 801 0$aIT$bUNISOB$c20221117$gRICA 912 $aSOBE00073510 940 $aM 102 Monografia moderna SBN 941 $aM 996 $aCrestomazia italiana$9142397 997 $aUNISOB